[Event "ODJM B 2024"]
[Site "Willingen GER"]
[Date "2024.05.19"]
[Round "2"]
[White "Ahmadov, Ahmad"]
[Black "Göb, Franziska"]
[Result "0-1"]
[Termination "normal"]
[Board "46"]
[WhiteElo "1729"]
[BlackElo "1602"]
[WhiteClock "01:11:09"]
[BlackClock "00:37:59"]
[PlyCount "86"]
[WhiteFideId "34661018"]
[BlackFideId "16293177"]
[EventCountry "GER"]
[EventRounds "9"]
[EventType "swiss"]
[EventDate "2024.05.18"]

1. e4 {[%clk 01:30:43]} {[%emt 00:00:16]} e5 {[%clk 01:30:56]} {[%emt
00:00:04]} 2. Nf3 {[%clk 01:31:07]} {[%emt 00:00:06]} Nc6 {[%clk 01:31:22]}
{[%emt 00:00:04]} 3. Bc4 {[%clk 01:31:30]} {[%emt 00:00:07]} Bc5 {[%clk
01:31:47]} {[%emt 00:00:05]} 4. Nc3 {[%clk 01:31:51]} {[%emt 00:00:09]} Nf6
{[%clk 01:31:51]} {[%emt 00:00:26]} 5. d3 {[%clk 01:32:16]} {[%emt 00:00:05]}
h6 {[%clk 01:32:16]} {[%emt 00:00:05]} 6. O-O {[%clk 01:32:31]} {[%emt
00:00:15]} d6 {[%clk 01:32:21]} {[%emt 00:00:25]} 7. h3 {[%clk 01:32:54]}
{[%emt 00:00:07]} O-O {[%clk 01:32:45]} {[%emt 00:00:07]} 8. Na4 {[%clk
01:33:01]} {[%emt 00:00:23]} Bb6 {[%clk 01:30:20]} {[%emt 00:02:55]} 9. c3
{[%clk 01:33:00]} {[%emt 00:00:31]} Be6 {[%clk 01:28:39]} {[%emt 00:02:11]} 10.
Nxb6 {[%clk 01:32:50]} {[%emt 00:00:40]} axb6 {[%clk 01:28:55]} {[%emt
00:00:13]} 11. Qb3 {[%clk 01:33:08]} {[%emt 00:00:12]} Na5 {[%clk 01:27:52]}
{[%emt 00:01:33]} 12. Qc2 {[%clk 01:30:56]} {[%emt 00:02:41]} Nxc4 {[%clk
01:27:09]} {[%emt 00:01:13]} 13. dxc4 {[%clk 01:30:35]} {[%emt 00:00:52]} Bxc4
{[%clk 01:27:07]} {[%emt 00:00:31]} 14. Rd1 {[%clk 01:30:58]} {[%emt 00:00:07]}
Qe7 {[%clk 01:23:15]} {[%emt 00:04:23]} 15. b3 {[%clk 01:31:01]} {[%emt
00:00:27]} Bb5 {[%clk 01:22:39]} {[%emt 00:01:06]} 16. a4 {[%clk 01:30:43]}
{[%emt 00:00:48]} Bc6 {[%clk 01:22:51]} {[%emt 00:00:17]} 17. Ba3 {[%clk
01:31:03]} {[%emt 00:00:11]} Bxe4 {[%clk 01:20:28]} {[%emt 00:02:53]} 18. Qe2
{[%clk 01:30:59]} {[%emt 00:00:35]} Qe6 {[%clk 01:15:13]} {[%emt 00:05:43]} 19.
Nd2 {[%clk 01:31:02]} {[%emt 00:00:28]} Bc2 {[%clk 01:12:12]} {[%emt 00:03:31]}
20. Re1 {[%clk 01:30:50]} {[%emt 00:00:42]} Bxb3 {[%clk 01:07:31]} {[%emt
00:05:12]} 21. f4 {[%clk 01:29:34]} {[%emt 00:01:46]} Bxa4 {[%clk 00:47:07]}
{[%emt 00:20:54]} 22. fxe5 {[%clk 01:27:34]} {[%emt 00:02:30]} Ne8 {[%clk
00:46:20]} {[%emt 00:01:17]} 23. exd6 {[%clk 01:26:46]} {[%emt 00:01:18]} Qxe2
{[%clk 00:45:37]} {[%emt 00:01:13]} 24. Rxe2 {[%clk 01:26:47]} {[%emt
00:00:28]} Nxd6 {[%clk 00:45:44]} {[%emt 00:00:24]} 25. Bxd6 {[%clk 01:26:53]}
{[%emt 00:00:24]} cxd6 {[%clk 00:46:07]} {[%emt 00:00:07]} 26. Nc4 {[%emt
00:01:47]} Bb5 {[%clk 00:44:44]} {[%emt 00:00:29]} 27. Rxa8 {[%clk 01:26:32]}
{[%emt 00:00:58]} Rxa8 {[%clk 00:44:24]} {[%emt 00:00:50]} 28. Rb2 {[%clk
01:21:40]} {[%emt 00:05:22]} Bxc4 {[%clk 00:42:07]} {[%emt 00:02:47]} 29. Rxb6
{[%clk 01:21:39]} {[%emt 00:00:32]} d5 {[%clk 00:42:08]} {[%emt 00:00:28]} 30.
Rxb7 {[%clk 01:21:57]} {[%emt 00:00:12]} Ra3 {[%clk 00:42:05]} {[%emt
00:00:33]} 31. Kf2 {[%clk 01:21:29]} {[%emt 00:00:58]} Rxc3 {[%clk 00:42:22]}
{[%emt 00:00:13]} 32. Rb2 {[%clk 01:21:37]} {[%emt 00:00:23]} Kf8 {[%clk
00:41:52]} {[%emt 00:01:00]} 33. Ke1 {[%clk 01:21:41]} {[%emt 00:00:26]} Ke7
{[%clk 00:41:50]} {[%emt 00:00:31]} 34. Kd2 {[%clk 01:21:56]} {[%emt 00:00:17]}
Rg3 {[%clk 00:41:55]} {[%emt 00:00:23]} 35. Ke1 {[%clk 01:21:59]} {[%emt
00:00:28]} Ke6 {[%clk 00:42:01]} {[%emt 00:00:24]} 36. Kf2 {[%clk 01:17:00]}
{[%emt 00:05:28]} Rc3 {[%clk 00:40:53]} {[%emt 00:01:39]} 37. Rb6+ {[%clk
01:16:50]} {[%emt 00:00:40]} Ke5 {[%clk 00:41:04]} {[%emt 00:00:18]} 38. Rb7
{[%clk 01:17:06]} {[%emt 00:00:16]} d4 {[%clk 00:40:12]} {[%emt 00:01:21]} 39.
Re7+ {[%clk 01:17:13]} {[%emt 00:00:23]} Kd6 {[%clk 00:39:49]} {[%emt
00:00:53]} 40. Re8 {[%clk 01:17:13]} {[%emt 00:00:30]} Rc2+ {[%clk 00:39:19]}
{[%emt 00:00:59]} 41. Kf3 {[%clk 01:13:02]} {[%emt 00:04:42]} Bd5+ {[%clk
00:39:31]} {[%emt 00:00:17]} 42. Kf4 {[%clk 01:10:51]} {[%emt 00:02:43]} Rxg2
{[%clk 00:38:00]} {[%emt 00:02:00]} 43. Rd8+ {[%clk 01:11:09]} {[%emt
00:00:13]} Ke6 {[%clk 00:37:59]} {[%emt 00:00:30]} 0-1

[Event "ODJM B 2024"]
[Site "Willingen GER"]
[Date "2024.05.19"]
[Round "2"]
[White "Fischer, Quirin"]
[Black "Hildebrand, Azat"]
[Result "0-1"]
[Termination "normal"]
[Board "47"]
[WhiteElo "1636"]
[BlackElo "1681"]
[WhiteClock "01:19:19"]
[BlackClock "00:19:08"]
[PlyCount "94"]
[WhiteFideId "34623787"]
[BlackFideId "34607536"]
[EventCountry "GER"]
[EventRounds "9"]
[EventType "swiss"]
[EventDate "2024.05.18"]

1. c4 {[%clk 01:30:57]} {[%emt 00:00:03]} e6 {[%emt 00:00:26]} 2. Nc3 {[%clk
01:31:19]} c6 {[%clk 01:30:59]} {[%emt 00:00:14]} 3. g3 {[%clk 01:31:28]}
{[%emt 00:00:21]} d5 {[%clk 01:31:05]} {[%emt 00:00:25]} 4. cxd5 {[%clk
01:31:35]} {[%emt 00:00:23]} exd5 {[%clk 01:31:18]} {[%emt 00:00:16]} 5. d4
{[%clk 01:31:40]} {[%emt 00:00:25]} Nf6 {[%clk 01:30:30]} {[%emt 00:01:18]} 6.
Bg2 {[%clk 01:32:00]} {[%emt 00:00:10]} Bf5 {[%clk 01:28:45]} {[%emt 00:02:14]}
7. Nf3 {[%clk 01:30:03]} {[%emt 00:02:27]} h6 {[%clk 01:25:30]} {[%emt
00:03:46]} 8. O-O {[%clk 01:30:07]} {[%emt 00:00:26]} Nbd7 {[%clk 01:24:18]}
{[%emt 00:01:42]} 9. Bf4 {[%clk 01:29:31]} {[%emt 00:01:05]} Be7 {[%clk
01:24:02]} {[%emt 00:00:45]} 10. Re1 {[%clk 01:25:52]} {[%emt 00:04:11]} O-O
{[%clk 01:23:23]} {[%emt 00:01:09]} 11. Ne5 {[%clk 01:24:57]} {[%emt 00:01:25]}
Nxe5 {[%clk 01:18:09]} {[%emt 00:05:44]} 12. Bxe5 {[%clk 01:24:14]} {[%emt
00:01:13]} Bd6 {[%clk 01:17:25]} {[%emt 00:01:14]} 13. f4 {[%clk 01:23:34]}
{[%emt 00:01:09]} Bb4 {[%clk 01:07:21]} {[%emt 00:10:34]} 14. Bxf6 {[%clk
01:17:07]} {[%emt 00:06:57]} Qxf6 {[%clk 01:07:26]} {[%emt 00:00:25]} 15. e4
{[%clk 01:17:19]} {[%emt 00:00:19]} dxe4 {[%clk 01:06:09]} {[%emt 00:01:47]}
16. Bxe4 {[%clk 01:14:57]} {[%emt 00:02:52]} Rad8 {[%clk 00:57:42]} {[%emt
00:08:57]} 17. Bxf5 {[%clk 01:12:56]} {[%emt 00:02:31]} Qxf5 {[%clk 00:45:37]}
{[%emt 00:12:34]} 18. a3 {[%clk 01:11:00]} {[%emt 00:02:28]} Bc5 {[%clk
00:35:27]} {[%emt 00:10:40]} 19. Re5 {[%clk 01:11:15]} {[%emt 00:00:14]} Rxd4
{[%clk 00:34:58]} {[%emt 00:00:59]} 20. Rxf5 {[%clk 01:10:42]} {[%emt
00:01:04]} Rxd1+ {[%clk 00:34:56]} {[%emt 00:00:32]} 21. Kg2 {[%clk 01:11:05]}
{[%emt 00:00:07]} Rxa1 {[%clk 00:34:42]} {[%emt 00:00:44]} 22. Rxc5 {[%clk
01:11:25]} {[%emt 00:00:10]} Rc1 {[%clk 00:32:24]} {[%emt 00:02:48]} 23. Na4
{[%clk 01:11:42]} {[%emt 00:00:13]} Rxc5 {[%clk 00:32:32]} {[%emt 00:00:22]}
24. Nxc5 {[%clk 01:12:02]} {[%emt 00:00:10]} b6 {[%clk 00:32:45]} {[%emt
00:00:17]} 25. Ne4 {[%clk 01:12:08]} {[%emt 00:00:24]} Rd8 {[%clk 00:32:14]}
{[%emt 00:01:01]} 26. Kf3 {[%clk 01:12:13]} {[%emt 00:00:25]} f5 {[%clk
00:30:19]} {[%emt 00:02:25]} 27. Nf2 {[%clk 01:12:24]} {[%emt 00:00:18]} Rd2
{[%clk 00:29:55]} {[%emt 00:00:55]} 28. b4 {[%clk 01:12:36]} {[%emt 00:00:18]}
Ra2 {[%clk 00:28:50]} {[%emt 00:01:36]} 29. Ke3 {[%clk 01:12:55]} {[%emt
00:00:10]} Rxa3+ {[%clk 00:29:04]} {[%emt 00:00:16]} 30. Nd3 {[%clk 01:13:20]}
{[%emt 00:00:05]} Kf7 {[%clk 00:23:05]} {[%emt 00:06:29]} 31. Kd4 {[%clk
01:13:37]} {[%emt 00:00:13]} Ke6 {[%clk 00:22:26]} {[%emt 00:01:08]} 32. h3
{[%clk 01:13:54]} {[%emt 00:00:13]} Rxd3+ {[%clk 00:17:10]} {[%emt 00:05:46]}
33. Kxd3 {[%clk 01:14:14]} {[%emt 00:00:10]} Kd5 {[%clk 00:17:32]} {[%emt
00:00:09]} 34. g4 {[%clk 01:14:28]} {[%emt 00:00:16]} fxg4 {[%clk 00:17:37]}
{[%emt 00:00:25]} 35. hxg4 {[%clk 01:14:49]} {[%emt 00:00:09]} a5 {[%clk
00:17:39]} {[%emt 00:00:28]} 36. bxa5 {[%clk 01:15:08]} {[%emt 00:00:11]} bxa5
{[%clk 00:17:57]} {[%emt 00:00:13]} 37. g5 {[%clk 01:15:31]} {[%emt 00:00:06]}
hxg5 {[%clk 00:18:00]} {[%emt 00:00:27]} 38. fxg5 {[%clk 01:15:57]} {[%emt
00:00:04]} a4 {[%clk 00:18:13]} {[%emt 00:00:18]} 39. Kc3 {[%clk 01:16:22]}
{[%emt 00:00:05]} c5 {[%clk 00:18:30]} {[%emt 00:00:13]} 40. Kb2 {[%clk
01:16:47]} {[%emt 00:00:05]} c4 {[%clk 00:18:45]} {[%emt 00:00:16]} 41. Kc3
{[%clk 01:17:06]} {[%emt 00:00:10]} a3 {[%clk 00:18:51]} {[%emt 00:00:24]} 42.
Kc2 {[%clk 01:17:27]} {[%emt 00:00:09]} Kd4 {[%clk 00:18:53]} {[%emt 00:00:28]}
43. Kc1 {[%clk 01:17:46]} {[%emt 00:00:11]} c3 {[%clk 00:19:13]} {[%emt
00:00:10]} 44. g6 {[%clk 01:18:05]} {[%emt 00:00:10]} a2 {[%clk 00:19:30]}
{[%emt 00:00:13]} 45. Kc2 {[%clk 01:18:30]} {[%emt 00:00:05]} a1=Q {[%clk
00:18:52]} {[%emt 00:01:07]} 46. Kb3 {[%clk 01:18:54]} {[%emt 00:00:07]} Qb2+
{[%clk 00:18:54]} {[%emt 00:00:29]} 47. Ka4 {[%clk 01:19:19]} {[%emt 00:00:04]}
Kc4 {[%clk 00:19:08]} {[%emt 00:00:16]} 0-1

[Event "ODJM B 2024"]
[Site "Willingen GER"]
[Date "2024.05.19"]
[Round "2"]
[White "Klein, Tristan"]
[Black "Malan, Jan-Willem"]
[Result "0-1"]
[Termination "normal"]
[Board "48"]
[WhiteElo "1701"]
[BlackElo "1664"]
[WhiteClock "00:22:21"]
[BlackClock "00:34:07"]
[PlyCount "103"]
[WhiteFideId "34621210"]
[BlackFideId "34624260"]
[EventCountry "GER"]
[EventRounds "9"]
[EventType "swiss"]
[EventDate "2024.05.18"]

1. e4 {[%clk 01:30:54]} {[%emt 00:00:05]} c5 {[%emt 00:00:11]} 2. Nf3 {[%clk
01:31:09]} {[%emt 00:00:12]} Nc6 {[%clk 01:31:12]} {[%emt 00:00:11]} 3. Nc3
{[%clk 01:31:07]} {[%emt 00:00:32]} g6 {[%clk 01:31:28]} {[%emt 00:00:14]} 4.
g3 {[%clk 01:30:10]} {[%emt 00:01:26]} Bg7 {[%clk 01:31:02]} {[%emt 00:00:57]}
5. Bg2 {[%clk 01:30:14]} {[%emt 00:00:25]} e6 {[%clk 01:30:40]} {[%emt
00:00:53]} 6. O-O {[%clk 01:30:06]} {[%emt 00:00:37]} Nge7 {[%clk 01:30:35]}
{[%emt 00:00:36]} 7. d3 {[%clk 01:28:05]} {[%emt 00:02:30]} d5 {[%clk
01:28:59]} {[%emt 00:02:06]} 8. Re1 {[%clk 01:24:57]} {[%emt 00:03:38]} O-O
{[%clk 01:28:05]} {[%emt 00:01:25]} 9. e5 {[%clk 01:23:52]} {[%emt 00:01:33]}
a6 {[%clk 01:25:20]} {[%emt 00:03:17]} 10. Bf4 {[%clk 01:18:42]} {[%emt
00:05:40]} Qc7 {[%clk 01:19:39]} {[%emt 00:06:12]} 11. a4 {[%clk 01:17:05]}
{[%emt 00:02:06]} Nf5 {[%clk 01:18:02]} {[%emt 00:02:06]} 12. Nb1 {[%clk
01:13:19]} {[%emt 00:04:16]} Bd7 {[%clk 01:07:50]} {[%emt 00:10:43]} 13. c3
{[%clk 01:09:54]} {[%emt 00:03:54]} b5 {[%clk 01:07:28]} {[%emt 00:00:52]} 14.
g4 {[%clk 01:07:55]} {[%emt 00:02:28]} Nfe7 {[%clk 01:06:23]} {[%emt 00:01:36]}
15. d4 {[%clk 00:55:08]} {[%emt 00:13:17]} Rfb8 {[%clk 00:56:20]} {[%emt
00:10:33]} 16. Qc1 {[%clk 00:50:35]} {[%emt 00:05:02]} bxa4 {[%clk 00:55:11]}
{[%emt 00:01:39]} 17. Bh6 {[%clk 00:50:44]} {[%emt 00:00:20]} Na5 {[%clk
00:53:25]} {[%emt 00:02:17]} 18. Qg5 {[%clk 00:50:32]} {[%emt 00:00:42]} Qd8
{[%clk 00:49:39]} {[%emt 00:04:16]} 19. Bxg7 {[%clk 00:34:49]} {[%emt
00:16:13]} Kxg7 {[%clk 00:48:11]} {[%emt 00:01:58]} 20. Qf6+ {[%clk 00:34:43]}
{[%emt 00:00:35]} Kg8 {[%clk 00:48:13]} {[%emt 00:00:28]} 21. Ng5 {[%clk
00:33:06]} {[%emt 00:02:06]} Qf8 {[%clk 00:47:23]} {[%emt 00:01:21]} 22. Na3
{[%clk 00:31:25]} {[%emt 00:02:11]} cxd4 {[%clk 00:45:03]} {[%emt 00:02:50]}
23. cxd4 {[%clk 00:30:20]} {[%emt 00:01:34]} Rxb2 {[%clk 00:44:45]} {[%emt
00:00:49]} 24. Rac1 {[%emt 00:03:24]} Nac6 {[%clk 00:42:34]} 25. Re3 {[%clk
00:29:20]} {[%emt 00:01:12]} Qg7 {[%clk 00:40:31]} {[%emt 00:02:38]} 26. Rh3
{[%clk 00:28:14]} {[%emt 00:01:33]} h6 {[%clk 00:34:50]} {[%emt 00:06:14]} 27.
Rxh6 {[%clk 00:14:19]} {[%emt 00:14:25]} Qxh6 {[%clk 00:32:25]} {[%emt
00:02:55]} 28. Qxf7+ {[%clk 00:14:40]} {[%emt 00:00:09]} Kh8 {[%clk 00:32:23]}
{[%emt 00:00:33]} 29. Rc3 {[%clk 00:14:57]} {[%emt 00:00:13]} Rf8 {[%clk
00:29:08]} {[%emt 00:03:45]} 30. Rh3 {[%clk 00:14:54]} {[%emt 00:00:33]} Rxf7
{[%clk 00:29:19]} {[%emt 00:00:20]} 31. Nxf7+ {[%clk 00:14:29]} {[%emt
00:00:54]} Kg7 {[%clk 00:29:43]} {[%emt 00:00:07]} 32. Nxh6 {[%clk 00:13:58]}
{[%emt 00:01:01]} Nxd4 {[%clk 00:28:51]} {[%emt 00:01:22]} 33. g5 {[%clk
00:13:20]} {[%emt 00:01:06]} Rb3 {[%clk 00:28:49]} {[%emt 00:00:34]} 34. f4
{[%clk 00:04:56]} {[%emt 00:08:53]} Rxh3 {[%clk 00:28:50]} {[%emt 00:00:29]}
35. Bxh3 {[%clk 00:05:08]} {[%emt 00:00:17]} Ne2+ {[%clk 00:28:58]} {[%emt
00:00:23]} 36. Kf2 {[%clk 00:04:43]} {[%emt 00:00:54]} Nxf4 {[%clk 00:28:13]}
{[%emt 00:01:15]} 37. Bf1 {[%clk 00:04:43]} {[%emt 00:00:29]} a5 {[%clk
00:28:28]} {[%emt 00:00:17]} 38. Ke3 {[%clk 00:04:35]} {[%emt 00:00:37]} Nh5
{[%clk 00:28:22]} {[%emt 00:00:36]} 39. Kd4 {[%clk 00:04:30]} {[%emt 00:00:34]}
Nf5+ {[%clk 00:16:21]} {[%emt 00:12:32]} 40. Nxf5+ {[%clk 00:04:57]} {[%emt
00:00:03]} gxf5 {[%clk 00:16:23]} {[%emt 00:00:27]} 41. Kc5 {[%clk 00:04:46]}
{[%emt 00:00:41]} Be8 {[%clk 00:16:14]} {[%emt 00:00:40]} 42. Be2 {[%clk
00:29:43]} {[%emt 00:05:31]} Nf4 {[%clk 00:46:14]} {[%emt 00:00:33]} 43. Bf3
{[%clk 00:29:16]} {[%emt 00:00:55]} Bh5 {[%clk 00:45:41]} {[%emt 00:01:03]} 44.
Bh1 {[%clk 00:27:48]} {[%emt 00:01:57]} Kg6 {[%clk 00:45:07]} {[%emt 00:01:05]}
45. h4 {[%clk 00:28:03]} {[%emt 00:00:14]} Bd1 {[%clk 00:43:52]} {[%emt
00:01:46]} 46. Kd6 {[%clk 00:26:18]} {[%emt 00:02:14]} Be2 {[%clk 00:42:03]}
{[%emt 00:02:20]} 47. Kc5 {[%clk 00:24:02]} {[%emt 00:02:43]} Kh5 {[%clk
00:39:25]} {[%emt 00:03:12]} 48. Kd6 {[%clk 00:23:25]} {[%emt 00:01:06]} d4
{[%clk 00:39:13]} {[%emt 00:00:42]} 49. Bc6 {[%clk 00:22:26]} {[%emt 00:01:29]}
Kxh4 {[%clk 00:33:57]} {[%emt 00:05:47]} 50. g6 {[%clk 00:22:20]} {[%emt
00:00:35]} Nxg6 {[%clk 00:34:21]} {[%emt 00:00:06]} 51. Kxe6 {[%clk 00:22:43]}
{[%emt 00:00:07]} Kg5 {[%clk 00:34:07]} {[%emt 00:00:44]} 52. Bxa4 {[%clk
00:22:21]} {[%emt 00:00:52]} 0-1

[Event "ODJM B 2024"]
[Site "Willingen GER"]
[Date "2024.05.19"]
[Round "2"]
[White "Menne, Lukas"]
[Black "He, Saiqi"]
[Result "1/2-1/2"]
[Termination "normal"]
[Board "49"]
[WhiteElo "1636"]
[BlackElo "1659"]
[WhiteClock "00:40:40"]
[BlackClock "00:15:48"]
[PlyCount "56"]
[WhiteFideId "16288467"]
[BlackFideId "16292723"]
[EventCountry "GER"]
[EventRounds "9"]
[EventType "swiss"]
[EventDate "2024.05.18"]

1. d4 {[%clk 01:30:58]} {[%emt 00:00:01]} d5 {[%clk 01:30:56]} {[%emt
00:00:04]} 2. Nf3 {[%clk 01:31:24]} {[%emt 00:00:05]} e6 {[%clk 01:30:32]}
{[%emt 00:00:54]} 3. Bf4 {[%clk 01:31:24]} {[%emt 00:00:29]} c5 {[%clk
01:30:45]} {[%emt 00:00:18]} 4. e3 {[%clk 01:31:36]} {[%emt 00:00:18]} Nc6
{[%clk 01:30:58]} {[%emt 00:00:17]} 5. c3 {[%clk 01:31:45]} {[%emt 00:00:20]}
a6 {[%clk 01:30:59]} {[%emt 00:00:29]} 6. Be2 {[%clk 01:31:51]} {[%emt
00:00:23]} Nf6 {[%clk 01:31:20]} {[%emt 00:00:09]} 7. O-O {[%clk 01:30:13]}
{[%emt 00:02:08]} Bd6 {[%clk 01:31:39]} {[%emt 00:00:11]} 8. Bg3 {[%clk
01:29:10]} {[%emt 00:01:33]} O-O {[%clk 01:31:35]} {[%emt 00:00:35]} 9. Nbd2
{[%clk 01:29:10]} {[%emt 00:00:30]} Bxg3 {[%clk 01:31:41]} {[%emt 00:00:24]}
10. hxg3 {[%clk 01:29:30]} {[%emt 00:00:09]} cxd4 {[%clk 01:32:01]} {[%emt
00:00:10]} 11. exd4 {[%clk 01:29:21]} {[%emt 00:00:40]} b5 {[%clk 01:31:56]}
{[%emt 00:00:35]} 12. a3 {[%clk 01:27:03]} {[%emt 00:02:48]} Bd7 {[%clk
01:31:40]} {[%emt 00:00:46]} 13. Ne1 {[%clk 01:15:38]} {[%emt 00:11:55]} e5
{[%clk 01:05:00]} {[%emt 00:27:10]} 14. dxe5 {[%clk 01:12:25]} {[%emt
00:03:43]} Nxe5 {[%clk 01:05:18]} {[%emt 00:00:11]} 15. Nd3 {[%clk 01:10:04]}
{[%emt 00:02:51]} Nxd3 {[%clk 01:01:25]} {[%emt 00:04:23]} 16. Bxd3 {[%clk
01:10:21]} {[%emt 00:00:13]} Be6 {[%clk 01:00:09]} {[%emt 00:01:47]} 17. Re1
{[%clk 01:09:15]} {[%emt 00:01:35]} Rc8 {[%clk 00:58:39]} {[%emt 00:02:00]} 18.
Nf3 {[%clk 01:06:16]} {[%emt 00:03:29]} Bg4 {[%clk 00:54:07]} {[%emt 00:05:01]}
19. Be2 {[%clk 01:06:30]} {[%emt 00:00:17]} Re8 {[%clk 00:52:49]} {[%emt
00:01:49]} 20. Nd4 {[%clk 01:05:37]} {[%emt 00:01:22]} Bxe2 {[%clk 00:49:16]}
{[%emt 00:04:03]} 21. Rxe2 {[%clk 01:04:57]} {[%emt 00:01:10]} Qd7 {[%clk
00:43:01]} {[%emt 00:06:44]} 22. Qd2 {[%clk 00:56:49]} {[%emt 00:08:39]} Rxe2
{[%clk 00:34:01]} {[%emt 00:09:29]} 23. Nxe2 {[%clk 00:54:48]} {[%emt
00:02:31]} Rd8 {[%clk 00:28:46]} {[%emt 00:05:33]} 24. Re1 {[%clk 00:52:56]}
{[%emt 00:02:35]} Qa7 {[%clk 00:25:08]} {[%emt 00:04:03]} 25. Nd4 {[%clk
00:49:56]} {[%emt 00:03:36]} Qd7 {[%clk 00:24:28]} {[%emt 00:01:10]} 26. Re2
{[%clk 00:42:56]} {[%emt 00:07:29]} Ne4 {[%clk 00:18:15]} {[%emt 00:06:43]} 27.
Qe1 {[%clk 00:41:48]} {[%emt 00:01:37]} Kf8 {[%clk 00:17:47]} {[%emt 00:00:58]}
28. f3 {[%clk 00:40:40]} {[%emt 00:01:39]} Nf6 {[%clk 00:15:48]} {[%emt
00:02:28]} 1/2-1/2

[Event "ODJM B 2024"]
[Site "Willingen GER"]
[Date "2024.05.19"]
[Round "2"]
[White "Wellßow, Lio Keanu"]
[Black "Tarasenko, Ruslan"]
[Result "1-0"]
[Termination "normal"]
[Board "50"]
[WhiteElo "1486"]
[BlackElo "1525"]
[WhiteClock "01:11:35"]
[BlackClock "01:07:38"]
[PlyCount "75"]
[WhiteFideId "16252837"]
[BlackFideId "34166343"]
[EventCountry "GER"]
[EventRounds "9"]
[EventType "swiss"]
[EventDate "2024.05.18"]

1. d4 {[%clk 01:30:56]} {[%emt 00:00:03]} Nf6 {[%clk 01:30:00]} {[%emt
00:01:00]} 2. c4 {[%clk 01:30:10]} {[%emt 00:01:17]} e6 {[%clk 01:29:30]}
{[%emt 00:00:59]} 3. Nc3 {[%clk 01:30:00]} {[%emt 00:00:41]} d5 {[%clk
01:29:20]} {[%emt 00:00:40]} 4. Nf3 {[%clk 01:29:16]} {[%emt 00:01:14]} Nbd7
{[%clk 01:28:26]} {[%emt 00:01:24]} 5. Bf4 {[%clk 01:29:07]} {[%emt 00:00:39]}
Be7 {[%clk 01:27:56]} {[%emt 00:01:00]} 6. e3 {[%clk 01:28:48]} {[%emt
00:00:49]} b6 {[%clk 01:25:58]} {[%emt 00:02:28]} 7. a3 {[%clk 01:27:49]}
{[%emt 00:01:29]} c5 {[%clk 01:25:11]} {[%emt 00:01:17]} 8. Nb5 {[%clk
01:27:29]} {[%emt 00:00:50]} e5 {[%clk 01:20:11]} {[%emt 00:05:31]} 9. dxe5
{[%clk 01:26:46]} {[%emt 00:01:12]} Nh5 {[%clk 01:20:21]} {[%emt 00:00:20]} 10.
e6 {[%clk 01:26:48]} {[%emt 00:00:27]} Nxf4 {[%clk 01:20:44]} {[%emt 00:00:08]}
11. exd7+ {[%clk 01:27:07]} {[%emt 00:00:11]} Bxd7 {[%clk 01:19:33]} {[%emt
00:01:41]} 12. exf4 {[%clk 01:27:00]} {[%emt 00:00:37]} a6 {[%clk 01:19:31]}
{[%emt 00:00:32]} 13. Nc3 {[%clk 01:26:52]} {[%emt 00:00:38]} d4 {[%clk
01:15:55]} {[%emt 00:04:06]} 14. Nd5 {[%clk 01:26:53]} {[%emt 00:00:29]} O-O
{[%clk 01:14:55]} {[%emt 00:01:30]} 15. Be2 {[%clk 01:25:15]} {[%emt 00:02:08]}
Re8 {[%clk 01:12:15]} {[%emt 00:03:09]} 16. O-O {[%clk 01:24:58]} {[%emt
00:00:47]} Bd6 {[%emt 00:03:19]} 17. Re1 {[%clk 01:19:05]} {[%emt 00:03:26]}
Bc6 {[%clk 01:12:35]} {[%emt 00:00:19]} 18. Qd2 {[%clk 01:18:29]} {[%emt
00:01:05]} Bxd5 {[%clk 01:12:04]} {[%emt 00:01:02]} 19. cxd5 {[%clk 01:18:44]}
{[%emt 00:00:15]} Bc7 {[%clk 01:12:22]} {[%emt 00:00:12]} 20. Bc4 {[%clk
01:17:23]} {[%emt 00:01:51]} Rxe1+ {[%clk 01:11:58]} {[%emt 00:00:53]} 21. Rxe1
{[%clk 01:16:45]} {[%emt 00:01:08]} b5 {[%clk 01:12:09]} {[%emt 00:00:19]} 22.
Ba2 {[%clk 01:16:55]} {[%emt 00:00:21]} Ba5 {[%clk 01:12:34]} {[%emt 00:00:05]}
23. b4 {[%clk 01:17:15]} {[%emt 00:00:10]} Bb6 {[%clk 01:12:24]} {[%emt
00:00:40]} 24. Qd3 {[%clk 01:15:14]} {[%emt 00:02:32]} c4 {[%clk 01:11:42]}
{[%emt 00:01:12]} 25. Bxc4 {[%clk 01:15:20]} {[%emt 00:00:24]} bxc4 {[%clk
01:11:49]} {[%emt 00:00:23]} 26. Qxc4 {[%clk 01:15:39]} {[%emt 00:00:10]} a5
{[%clk 01:08:02]} {[%emt 00:04:19]} 27. Nxd4 {[%clk 01:15:38]} {[%emt
00:00:30]} Rc8 {[%clk 01:07:58]} {[%emt 00:00:34]} 28. Nc6 {[%clk 01:15:04]}
{[%emt 00:01:03]} Kf8 {[%clk 01:07:17]} {[%emt 00:01:11]} 29. bxa5 {[%clk
01:10:14]} {[%emt 00:05:21]} Bxa5 {[%clk 01:07:13]} {[%emt 00:00:33]} 30. Qc5+
{[%clk 01:10:33]} {[%emt 00:00:11]} Kg8 {[%clk 01:06:37]} {[%emt 00:01:07]} 31.
Nxd8 {[%clk 01:10:50]} {[%emt 00:00:13]} Rxd8 {[%clk 01:05:32]} {[%emt
00:01:35]} 32. Qxa5 {[%clk 01:11:00]} {[%emt 00:00:20]} Rf8 {[%clk 01:05:54]}
{[%emt 00:00:08]} 33. d6 {[%clk 01:11:09]} {[%emt 00:00:22]} h6 {[%clk
01:06:15]} {[%emt 00:00:09]} 34. d7 {[%clk 01:11:19]} {[%emt 00:00:20]} h5
{[%clk 01:06:40]} {[%emt 00:00:04]} 35. Re8 {[%clk 01:11:28]} {[%emt 00:00:20]}
f6 {[%clk 01:06:57]} {[%emt 00:00:13]} 36. Qd5+ {[%clk 01:11:18]} {[%emt
00:00:41]} Kh8 {[%clk 01:07:14]} {[%emt 00:00:12]} 37. Rxf8+ {[%clk 01:11:35]}
{[%emt 00:00:13]} Kh7 {[%clk 01:07:38]} {[%emt 00:00:06]} 38. Qxh5# {[%clk
01:11:35]} {[%emt 00:00:31]} 1-0